| 000 | 00737 a2200229 4500 | ||
|---|---|---|---|
| 005 | 20260413160506.0 | ||
| 008 | 260413b |||||||| |||| 00| 0 eng d | ||
| 020 | _a978-1-3502-1513-9 | ||
| 037 | _cTB | ||
| 040 |
_aCRL _cCRL |
||
| 041 |
_2eng _aeng |
||
| 084 |
_aR4xC67 R4 _qCRL |
||
| 100 |
_aMajithia, Roopen _91115816 |
||
| 245 |
_aHighest good in the nicomachean ethics and the Bhagavad Gita: _bknowledge, happiness, and freedom |
||
| 260 |
_aLondon, UK: _bBloomsbury Academic, _c2025. |
||
| 300 | _a248p. | ||
| 365 |
_b28.99 _cGBP |
||
| 650 | _aPhilosophers | ||
| 650 | _aPhilosophy | ||
| 942 |
_cTB _2CC _hR4xC67 R4 |
||
| 999 |
_c1679670 _d1679670 |
||